[Event "Frauenbundesliga 2017-2018"]
[Site "Feffernitz, Grieskirchen, St. Veit/Glan"]
[Date "2018.01.20"]
[Round "5"]
[Board "4"]
[White "Konecny, Sophie"]
[Black "Hackbarth, Christa"]
[Result "0-1"]
[WhiteElo "1818"]
[BlackElo "1818"]
[PlyCount "167"]
[EventDate "2017.11.24"]
[EventType "team"]
[EventRounds "9"]
[EventCountry "AUT"]
[WhiteTeam "Mayrhofen/SK Zell/Zillertal"]
[BlackTeam "Spg. Steyr"]

1. d4 d5 2. c4 c6 3. Qb3 Nf6 4. Nf3 e6 5. g3 Qb6 6. Bg2 Nbd7 7. O-O Be7 8. Bf4
Nh5 9. Be3 Nhf6 10. Nc3 dxc4 11. Qxc4 Qxb2 12. Rab1 Qa3 13. Ne5 Nxe5 14. dxe5
Nd5 15. Bd4 O-O 16. Na4 Rd8 17. Bxd5 cxd5 18. Qc2 b6 19. Nc3 Bd7 20. Nb5 Bxb5
21. Rxb5 Rdc8 22. Qd2 Rc4 23. Rb3 Qa4 24. e3 Rac8 25. Rc3 Bb4 26. Rxc4 Rxc4 27.
Qd3 Rc2 28. Ra1 Qc6 29. Kg2 Qc4 30. Qd1 Qe2 31. Qxe2 Rxe2 32. a3 Bf8 33. Kf3
Rc2 34. a4 Bc5 35. a5 g6 36. axb6 Bxb6 37. Bxb6 axb6 38. Rb1 Rc6 39. Ke2 Kf8
40. Kd3 Ke7 41. e4 Kd7 42. Rb5 dxe4+ 43. Kxe4 Rc2 44. Rxb6 Rxf2 45. h4 h6 46.
Ra6 Ke7 47. Ra7+ Kf8 48. Ra8+ Kg7 49. Ra7 g5 50. hxg5 hxg5 51. Ra3 Kg6 52. Rb3
Kh5 53. Ke3 Rf5 54. Ke4 Kg4 55. Ra3 Rf1 56. Rb3 Re1+ 57. Kd4 Kf5 58. Rf3+ Kg6
59. Rf6+ Kg7 60. Rf3 Rb1 61. Kc5 Rd1 62. Kc4 Rd5 63. Rf5 Kg6 64. Rf6+ Kh5 65.
Rxf7 Rxe5 66. Kd4 Re1 67. Rg7 Kg4 68. Kd3 Re5 69. Kd4 Rf5 70. Rg6 Kxg3 71. Rxe6
Kf3 72. Re3+ Kf2 73. Ra3 g4 74. Ke4 Rf8 75. Ra2+ Kg3 76. Ra1 Kh2 77. Ra2+ Kh3
78. Ra7 g3 79. Rh7+ Kg2 80. Ra7 Kg1 81. Ra1+ Kg2 82. Ra2+ Rf2 83. Ra7 Kg1 84.
Ke3  0-1

[Event "Frauenbundesliga 2017-2018"]
[Site "Feffernitz, Grieskirchen, St. Veit/Glan"]
[Date "2018.01.20"]
[Round "5"]
[Board "1"]
[White "Rozman, Monika"]
[Black "Repkova, Eva"]
[Result "1/2-1/2"]
[WhiteElo "2136"]
[BlackElo "2296"]
[PlyCount "81"]
[EventDate "2017.11.24"]
[EventType "team"]
[EventRounds "9"]
[EventCountry "AUT"]
[WhiteTeam "SV Chesshero Rapid Feffernitz"]
[BlackTeam "ASVOE Pamhagen"]

1. e4 d5 2. exd5 Qxd5 3. Nc3 Qa5 4. d4 c6 5. Nf3 Nf6 6. Bd2 Qb6 7. Bc4 Bg4 8.
Bxf7+ Kxf7 9. Ne5+ Kg8 10. Nxg4 Qxd4 11. Nxf6+ exf6 12. Qe2 Qe5 13. Be3 Qe6 14.
Rd1 Na6 15. O-O h5 16. Rfe1 h4 17. h3 Qf7 18. Rd2 Re8 19. Red1 Nc5 20. Qf3 Rh5
21. Bxc5 Rxc5 22. Rd7 Re1+ 23. Kh2 Qe6 24. Rxe1 Qxd7 25. Kg1 b5 26. Re4 Qd2 27.
Rxh4 Qc1+ 28. Kh2 Qxb2 29. Qg4 f5 30. Qe2 Kf7 31. Qh5+ g6 32. Qd1 Qxc3 33. Qd7+
Kf6 34. Qd8+ Be7 35. Qh8+ Ke6 36. Qc8+ Kd6 37. Qb8+ Kd7 38. Qb7+ Ke8 39. Qc8+
Bd8 40. Qe6+ Be7 41. Qc8+  1/2-1/2

[Event "Frauenbundesliga 2017-2018"]
[Site "Feffernitz, Grieskirchen, St. Veit/Glan"]
[Date "2018.01.20"]
[Round "5"]
[Board "2"]
[White "Theissl-Pokorna, Regina"]
[Black "Urh, Zala"]
[Result "1-0"]
[WhiteElo "2320"]
[BlackElo "1978"]
[PlyCount "75"]
[EventDate "2017.11.24"]
[EventType "team"]
[EventRounds "9"]
[EventCountry "AUT"]
[WhiteTeam "ASVOE Pamhagen"]
[BlackTeam "SV Chesshero Rapid Feffernitz"]

1. e4 e5 2. Nf3 Nc6 3. Bc4 Bc5 4. c3 Nf6 5. d3 a6 6. Bb3 Ba7 7. Nbd2 O-O 8. Nf1
d5 9. Qe2 Re8 10. Bg5 d4 11. h3 Qd6 12. g4 dxc3 13. bxc3 b5 14. Ne3 b4 15. Nc4
Qe7 16. cxb4 Qxb4+ 17. Bd2 Qf8 18. Bc3 Nd4 19. Nxd4 exd4 20. Bd2 Bb7 21. O-O
Rab8 22. Qf3 Nd7 23. Bf4 Rec8 24. Qg3 Qd8 25. Ne5 Nxe5 26. Bxe5 Ra8 27. Qf4 Qe7
28. Rfc1 c5 29. Rab1 Bb8 30. Qxf7+ Qxf7 31. Bxf7+ Kf8 32. Bxg7+ Kxg7 33. Rxb7
Ra7 34. Bd5+ Rxb7 35. Bxb7 Rc7 36. Bxa6 Ra7 37. Bc4 Rb7 38. a4  1-0

[Event "Frauenbundesliga 2017-2018"]
[Site "Feffernitz, Grieskirchen, St. Veit/Glan"]
[Date "2018.01.20"]
[Round "5"]
[Board "3"]
[White "Zoehrer, Sarah"]
[Black "Mira, Helene"]
[Result "0-1"]
[WhiteElo "1735"]
[BlackElo "2075"]
[PlyCount "54"]
[EventDate "2017.11.24"]
[EventType "team"]
[EventRounds "9"]
[EventCountry "AUT"]
[WhiteTeam "SV Chesshero Rapid Feffernitz"]
[BlackTeam "ASVOE Pamhagen"]

1. e4 d6 2. Nc3 Nf6 3. f4 e5 4. Nf3 Bg4 5. Bb5+ c6 6. Ba4 Nbd7 7. Bb3 Nc5 8. d3
a5 9. fxe5 Bxf3 10. Qxf3 dxe5 11. Be3 a4 12. Bxc5 Bxc5 13. Bxa4 Qd4 14. Bb3 Bb4
15. Kd2 Rd8 16. Rae1 O-O 17. a3 Ba5 18. Ba2 c5 19. Re3 Rd6 20. g4 c4 21. g5 Nd7
22. Qh5 Nc5 23. Ke2 cxd3+ 24. Kf2 Bxc3 25. bxc3 Nxe4+ 26. Kf3 Nxc3 27. g6 Rf6+
 0-1

[Event "Frauenbundesliga 2017-2018"]
[Site "Feffernitz, Grieskirchen, St. Veit/Glan"]
[Date "2018.01.20"]
[Round "5"]
[Board "4"]
[White "Horvath, Maria"]
[Black "Sommer, Milena"]
[Result "1-0"]
[WhiteElo "1980"]
[BlackElo "1609"]
[PlyCount "83"]
[EventDate "2017.11.24"]
[EventType "team"]
[EventRounds "9"]
[EventCountry "AUT"]
[WhiteTeam "ASVOE Pamhagen"]
[BlackTeam "SV Chesshero Rapid Feffernitz"]

1. d4 {[%emt 0:00:00]} d5 2. c4 e6 3. Nc3 Nf6 4. cxd5 exd5 5. Bg5 Be7 6. Qc2
O-O 7. e3 Be6 8. Bd3 h6 9. Bh4 Nc6 10. a3 a6 11. b4 Ng4 12. Bxe7 Nxe7 13. h3
Nf6 14. Nf3 c6 15. O-O Qc7 16. Na4 Nd7 17. Nc5 Rac8 18. Rfc1 Nxc5 19. bxc5 Qd7
20. Ne5 Qc7 21. Rab1 Rb8 22. Rb6 Nc8 23. Rb3 Na7 24. Rcb1 Rfe8 25. Qb2 Bc8 26.
Rb6 Nb5 27. a4 Na7 28. Bxa6 Re7 29. Bd3 Qd8 30. Nxc6 Nxc6 31. Rxc6 bxc6 32.
Qxb8 Re8 33. Qb6 Bd7 34. Qxd8 Rxd8 35. a5 Ra8 36. a6 Bc8 37. Rb6 Bd7 38. Kf1
Kf8 39. Ke1 Ke8 40. Kd2 Kd8 41. Kc3 g5 42. Kb4  1-0

[Event "Frauenbundesliga 2017-2018"]
[Site "Feffernitz, Grieskirchen, St. Veit/Glan"]
[Date "2018.01.20"]
[Round "5"]
[Board "1"]
[White "Exler, Veronika"]
[Black "Kejzar, Petra"]
[Result "1/2-1/2"]
[WhiteElo "2194"]
[BlackElo "2071"]
[PlyCount "139"]
[EventDate "2017.11.24"]
[EventType "team"]
[EventRounds "9"]
[EventCountry "AUT"]
[WhiteTeam "ASVOE Wulkaprodersdorf"]
[BlackTeam "SV OEkothek St. Veit/Glan"]

1. d4 f5 2. c4 Nf6 3. Nc3 g6 4. g3 Bg7 5. Bg2 O-O 6. Nf3 d6 7. O-O c6 8. Rb1 a5
9. d5 e5 10. dxe6 Bxe6 11. b3 Qe7 12. Ng5 Bd7 13. Na4 Na6 14. Bf4 Ne8 15. h4 h6
16. Nf3 Nac7 17. Nb6 Rd8 18. Qd2 Kh7 19. Qxa5 Ne6 20. Bd2 Nf6 21. Bc3 Nc5 22.
Nxd7 Qxd7 23. Bd4 Ra8 24. Qd2 Nce4 25. Qc2 Qe6 26. Nd2 d5 27. Nxe4 fxe4 28. a4
Rae8 29. cxd5 cxd5 30. Rbc1 h5 31. Qd2 Rf7 32. Rc5 Bh6 33. Be3 Qd6 34. b4 Bxe3
35. Qxe3 d4 36. Qf4 Qd7 37. Qd2 e3 38. Qc2 exf2+ 39. Rxf2 Ng4 40. Rxf7+ Qxf7
41. Rc7 Re7 42. Rxe7 Qxe7 43. Qe4 Qf6 44. Qxb7+ Kh6 45. Qf3 Qe7 46. Qf4+ Kh7
47. Bd5 Qxb4 48. Qf7+ Kh6 49. Qf4+ Kh7 50. Qf7+ Kh6 51. Kg2 d3 52. Bf3 d2 53.
Qg8 Qd4 54. Qf8+ Kh7 55. Qf7+ Qg7 56. Qxg7+ Kxg7 57. e4 d1=Q 58. Bxd1 Ne3+ 59.
Kf3 Nxd1 60. a5 Nc3 61. a6 Nb5 62. Kf4 Kf6 63. e5+ Kf7 64. g4 Ke6 65. gxh5 gxh5
66. Kg5 Kxe5 67. Kxh5 Kf5 68. Kh6 Kf6 69. Kh5 Kf5 70. Kh6  1/2-1/2

[Event "Frauenbundesliga 2017-2018"]
[Site "Feffernitz, Grieskirchen, St. Veit/Glan"]
[Date "2018.01.20"]
[Round "5"]
[Board "2"]
[White "Polterauer, Chiara"]
[Black "Newrkla, Katharina"]
[Result "1/2-1/2"]
[WhiteElo "2190"]
[BlackElo "2175"]
[PlyCount "66"]
[EventDate "2017.11.24"]
[EventType "team"]
[EventRounds "9"]
[EventCountry "AUT"]
[WhiteTeam "SV OEkothek St. Veit/Glan"]
[BlackTeam "ASVOE Wulkaprodersdorf"]

1. e4 c5 2. Nf3 d6 3. d4 cxd4 4. Nxd4 Nf6 5. Nc3 g6 6. Be2 Bg7 7. Be3 Nc6 8.
O-O O-O 9. Kh1 Nxd4 10. Bxd4 e5 11. Be3 Be6 12. Bf3 Qd7 13. Qd2 Rfc8 14. Rfd1
Rc6 15. Rac1 a6 16. a4 Ng4 17. Bxg4 Bxg4 18. f3 Be6 19. a5 Bf6 20. Na4 Bd8 21.
Bb6 Be7 22. b3 f5 23. c4 Rf8 24. Nc5 Qc8 25. Nxe6 Qxe6 26. Qd5 Qf7 27. h3 fxe4
28. fxe4 Qxd5 29. exd5 Rcc8 30. c5 dxc5 31. d6 Bd8 32. Bxc5 Rf7 33. b4 Rd7
 1/2-1/2

[Event "Frauenbundesliga 2017-2018"]
[Site "Feffernitz, Grieskirchen, St. Veit/Glan"]
[Date "2018.01.20"]
[Round "5"]
[Board "3"]
[White "Moerwald, Magdalena"]
[Black "Tarmastin, Laura"]
[Result "1/2-1/2"]
[WhiteElo "1798"]
[BlackElo "1883"]
[PlyCount "55"]
[EventDate "2017.11.24"]
[EventType "team"]
[EventRounds "9"]
[EventCountry "AUT"]
[WhiteTeam "ASVOE Wulkaprodersdorf"]
[BlackTeam "SV OEkothek St. Veit/Glan"]

1. e4 e5 2. Nf3 Nc6 3. d4 exd4 4. Bc4 Nf6 5. e5 Ne4 6. O-O d5 7. Bb5 Bd7 8.
Bxc6 bxc6 9. Nxd4 Bc5 10. Be3 Bb6 11. f3 Ng5 12. f4 Ne4 13. Nd2 f5 14. Nxe4
dxe4 15. c3 c5 16. Nc2 Bb5 17. Qxd8+ Rxd8 18. Rfd1 Bd3 19. Na3 Kf7 20. Rd2 Rb8
21. b3 Rhd8 22. Kf2 Ke6 23. h4 a6 24. Rad1 Ba5 25. Rc1 Bb6 26. Rcd1 Ba5 27. Rc1
Bb6 28. Rcd1  1/2-1/2

[Event "Frauenbundesliga 2017-2018"]
[Site "Feffernitz, Grieskirchen, St. Veit/Glan"]
[Date "2018.01.20"]
[Round "5"]
[Board "4"]
[White "Krassnitzer, Maria"]
[Black "Moerwald, Miriam"]
[Result "0-1"]
[WhiteElo "1620"]
[BlackElo "1625"]
[PlyCount "44"]
[EventDate "2017.11.24"]
[EventType "team"]
[EventRounds "9"]
[EventCountry "AUT"]
[WhiteTeam "SV OEkothek St. Veit/Glan"]
[BlackTeam "ASVOE Wulkaprodersdorf"]

1. d4 d5 2. Nf3 c5 3. Bf4 Nf6 4. e3 e6 5. Be2 Nc6 6. c3 Bd6 7. Bxd6 Qxd6 8. O-O
O-O 9. Nbd2 e5 10. h3 Bf5 11. dxc5 Qxc5 12. c4 Rad8 13. cxd5 Rxd5 14. Rc1 Qe7
15. Qa4 e4 16. Nd4 Nxd4 17. exd4 e3 18. Nf3 exf2+ 19. Rxf2 Ne4 20. Rff1 Ng3 21.
Bc4 Nxf1 22. Bxd5 Qe3+  0-1

[Event "Frauenbundesliga 2017-2018"]
[Site "Feffernitz, Grieskirchen, St. Veit/Glan"]
[Date "2018.01.20"]
[Round "5"]
[Board "1"]
[White "Stangl, Anita"]
[Black "Novkovic, Julia"]
[Result "0-1"]
[WhiteElo "2039"]
[BlackElo "2151"]
[PlyCount "38"]
[EventDate "2017.11.24"]
[EventType "team"]
[EventRounds "9"]
[EventCountry "AUT"]
[WhiteTeam "Schach ohne Grenzen"]
[BlackTeam "SK Dornbirn"]

1. e4 e5 2. Nf3 Nc6 3. Bc4 Nf6 4. Ng5 d5 5. exd5 Na5 6. Bb5+ c6 7. dxc6 bxc6 8.
Be2 h6 9. Nf3 e4 10. Ne5 Bc5 11. O-O O-O 12. c3 Bd6 13. Ng4 Nxg4 14. Bxg4 Qh4
15. h3 f5 16. Be2 f4 17. Bg4 f3 18. Bxc8 fxg2 19. Kxg2 Rf3  0-1

[Event "Frauenbundesliga 2017-2018"]
[Site "Feffernitz, Grieskirchen, St. Veit/Glan"]
[Date "2018.01.20"]
[Round "5"]
[Board "2"]
[White "Kurapova, Olga"]
[Black "Ganzera, Andrea"]
[Result "1/2-1/2"]
[WhiteElo "1964"]
[BlackElo "1996"]
[PlyCount "77"]
[EventDate "2017.11.24"]
[EventType "team"]
[EventRounds "9"]
[EventCountry "AUT"]
[WhiteTeam "SK Dornbirn"]
[BlackTeam "Schach ohne Grenzen"]

1. d4 Nf6 2. c4 d6 3. Nc3 g6 4. e4 Bg7 5. Be2 O-O 6. Nf3 e5 7. d5 Nbd7 8. O-O
Nc5 9. Qc2 a5 10. a3 Nh5 11. Be3 f5 12. b4 Nxe4 13. Nxe4 fxe4 14. Nd2 Nf4 15.
Nxe4 Bf5 16. f3 Bxe4 17. fxe4 Qg5 18. Bxf4 exf4 19. Rad1 axb4 20. axb4 Ra3 21.
Rf3 Rfa8 22. Rxa3 Rxa3 23. c5 f3 24. Bf1 Qe3+ 25. Qf2 Qxe4 26. cxd6 cxd6 27.
Qb6 Qe3+ 28. Qxe3 Rxe3 29. gxf3 Rxf3 30. Rc1 Bd4+ 31. Kg2 Rf2+ 32. Kg3 Rb2 33.
Rc8+ Kg7 34. Rc7+ Kf6 35. Rxb7 Be5+ 36. Kf3 Bxh2 37. Rxh7 Bg1 38. Bd3 Rxb4 39.
Rh6  1/2-1/2

[Event "Frauenbundesliga 2017-2018"]
[Site "Feffernitz, Grieskirchen, St. Veit/Glan"]
[Date "2018.01.20"]
[Round "5"]
[Board "3"]
[White "Anker, Christin"]
[Black "Pribozic, Sabrina"]
[Result "1-0"]
[WhiteElo "1809"]
[BlackElo "1520"]
[PlyCount "83"]
[EventDate "2017.11.24"]
[EventType "team"]
[EventRounds "9"]
[EventCountry "AUT"]
[WhiteTeam "Schach ohne Grenzen"]
[BlackTeam "SK Dornbirn"]

1. e4 {[%emt 0:00:00]} e5 2. Nf3 Nc6 3. d4 exd4 4. Bc4 Be7 5. c3 d6 6. Qb3 Na5
7. Bxf7+ Kf8 8. Qa4 Kxf7 9. Qxa5 dxc3 10. Nxc3 Nf6 11. Ng5+ Kf8 12. f4 h6 13.
Nf3 b6 14. Qa4 Be6 15. O-O Qd7 16. Qc2 Rd8 17. Be3 c5 18. Rad1 Qb7 19. Nh4 Ng4
20. Ng6+ Ke8 21. Bc1 Rg8 22. Qe2 Nf6 23. Rfe1 Bg4 24. Qb5+ Kf7 25. Nxe7 Qxe7
26. Rd2 Rge8 27. h3 Bd7 28. Qf1 Bc6 29. Rde2 Qb7 30. e5 Nd5 31. e6+ Kg8 32.
Nxd5 Bxd5 33. b3 Re7 34. f5 Rde8 35. Qf4 Qc7 36. Bb2 Rf8 37. Qg4 Kh8 38. Qg6
Qd8 39. f6 gxf6 40. Bxf6+ Rxf6 41. Qxf6+ Kg8 42. Re3  1-0

[Event "Frauenbundesliga 2017-2018"]
[Site "Feffernitz, Grieskirchen, St. Veit/Glan"]
[Date "2018.01.20"]
[Round "5"]
[Board "4"]
[White "Baitulaeva, Ayscha"]
[Black "Kimpel, Janine"]
[Result "0-1"]
[WhiteElo "900"]
[BlackElo "1872"]
[PlyCount "50"]
[EventDate "2017.11.24"]
[EventType "team"]
[EventRounds "9"]
[EventCountry "AUT"]
[WhiteTeam "SK Dornbirn"]
[BlackTeam "Schach ohne Grenzen"]

1. e4 {[%emt 0:00:00]} Nf6 2. Nc3 d5 3. Bd3 Nc6 4. Nf3 Bg4 5. O-O d4 6. Nb5 a6
7. Na3 e6 8. h3 Bh5 9. Re1 Be7 10. Bc4 O-O 11. e5 Nd7 12. c3 Ndxe5 13. Be2 d3
14. Bf1 Bc5 15. b4 Bb6 16. Bb2 Nxf3+ 17. gxf3 Qh4 18. Re2 dxe2 19. Qxe2 Ne5 20.
Bg2 Qf4 21. Nc2 Nxf3+ 22. Bxf3 Bxf3 23. Qf1 Qg5+ 24. Kh2 c6 25. Ne1 Bc7#  0-1

[Event "Frauenbundesliga 2017-2018"]
[Site "Feffernitz, Grieskirchen, St. Veit/Glan"]
[Date "2018.01.20"]
[Round "5"]
[Board "1"]
[White "Mar, Karmen"]
[Black "Unuk, Laura"]
[Result "0-1"]
[WhiteElo "2047"]
[BlackElo "2329"]
[PlyCount "78"]
[EventDate "2017.11.24"]
[EventType "team"]
[EventRounds "9"]
[EventCountry "AUT"]
[WhiteTeam "SC Extraherb WS"]
[BlackTeam "SK Baden"]

1. e4 e5 2. Nf3 Nc6 3. Bc4 Bc5 4. O-O Nf6 5. d3 O-O 6. Nbd2 a6 7. Bb3 h6 8. Nc4
d6 9. c3 Re8 10. Ne3 Ba7 11. Re1 Be6 12. Bxe6 Rxe6 13. Qb3 Rb8 14. Nd5 Ne7 15.
Nxf6+ Rxf6 16. Be3 Bxe3 17. Rxe3 c5 18. d4 Qc7 19. Rd1 exd4 20. cxd4 b5 21.
dxc5 dxc5 22. Red3 c4 23. Qc2 Nc6 24. Rd7 Qf4 25. e5 Rg6 26. Qe2 Re8 27. R7d5
Qg4 28. g3 Rf6 29. Nd4 Qxe2 30. Nxe2 Rxe5 31. Rxe5 Nxe5 32. Rd8+ Kh7 33. Nf4 g5
34. Nd5 Re6 35. Nc7 Rc6 36. Nd5 Nd3 37. b3 c3 38. Nf6+ Kg6 39. Rxd3 c2  0-1

[Event "Frauenbundesliga 2017-2018"]
[Site "Feffernitz, Grieskirchen, St. Veit/Glan"]
[Date "2018.01.20"]
[Round "5"]
[Board "2"]
[White "Trippold, Denise"]
[Black "Landl, Margot"]
[Result "0-1"]
[WhiteElo "2067"]
[BlackElo "1903"]
[PlyCount "72"]
[EventDate "2017.11.24"]
[EventType "team"]
[EventRounds "9"]
[EventCountry "AUT"]
[WhiteTeam "SK Baden"]
[BlackTeam "SC Extraherb WS"]

1. d4 f5 2. g3 Nf6 3. Bg2 e6 4. Nf3 d5 5. O-O Bd6 6. c4 c6 7. Nc3 O-O 8. Qc2
Ne4 9. Rb1 b6 10. b4 Bb7 11. c5 Bc7 12. a4 Nd7 13. Nxe4 fxe4 14. Ng5 Qf6 15. b5
bxc5 16. dxc5 h6 17. Nh3 Be5 18. Ba3 Rf7 19. Kh1 Qf5 20. Rbc1 Raf8 21. a5 Nf6
22. a6 Bc8 23. Qa4 Qh5 24. f3 Bb8 25. b6 exf3 26. exf3 e5 27. Ng1 e4 28. Ne2
exf3 29. Bxf3 Ng4 30. Bxg4 Rxf1+ 31. Rxf1 Rxf1+ 32. Kg2 Bxg4 33. Kxf1 Bxe2+ 34.
Ke1 Bb5 35. Qc2 Qf3 36. bxa7 Bxa7  0-1

[Event "Frauenbundesliga 2017-2018"]
[Site "Feffernitz, Grieskirchen, St. Veit/Glan"]
[Date "2018.01.20"]
[Round "5"]
[Board "3"]
[White "Zechner, Andrea"]
[Black "Kordzadze, Nino"]
[Result "1/2-1/2"]
[WhiteElo "1818"]
[BlackElo "1935"]
[PlyCount "111"]
[EventDate "2017.11.24"]
[EventType "team"]
[EventRounds "9"]
[EventCountry "AUT"]
[WhiteTeam "SC Extraherb WS"]
[BlackTeam "SK Baden"]

1. d4 {[%emt 0:00:00]} f5 2. c4 e6 3. Nf3 Nf6 4. Nc3 Bb4 5. a3 Bxc3+ 6. bxc3
Ne4 7. Qc2 d6 8. g3 O-O 9. Bg2 Nd7 10. O-O Qe8 11. Nd2 Nxd2 12. Bxd2 Kh8 13. e4
e5 14. exf5 Qh5 15. h3 Qe2 16. Qa2 Nb6 17. Rfe1 Qxc4 18. dxe5 Bxf5 19. exd6
cxd6 20. Qxc4 Nxc4 21. Bf4 Rae8 22. Bxb7 Bxh3 23. Bd5 Nb6 24. Bh1 Nc4 25. a4 h6
26. Rad1 Rxe1+ 27. Rxe1 g5 28. Bc1 Ne5 29. Ba3 Nc4 30. Bc1 Bd7 31. Re7 Re8 32.
Rxe8+ Bxe8 33. Bf3 Bxa4 34. Be2 d5 35. Bxc4 dxc4 36. Kf1 Kg7 37. Kg2 Kf6 38.
Be3 a6 39. Kf3 h5 40. Bd4+ Kf5 41. g4+ hxg4+ 42. Ke3 Bc2 43. Bb6 Ke5 44. Bd8
Kd5 45. Bxg5 Kc5 46. Be7+ Kb5 47. Kd2 Bd3 48. Kc1 Ka4 49. Kb2 a5 50. Bf8 Kb5
51. Be7 Kc6 52. Bd8 a4 53. Be7 Kd5 54. Ka3 Bc2 55. Bf6 Ke4 56. Bd4  1/2-1/2

[Event "Frauenbundesliga 2017-2018"]
[Site "Feffernitz, Grieskirchen, St. Veit/Glan"]
[Date "2018.01.20"]
[Round "5"]
[Board "4"]
[White "Stallinger, Vanessa"]
[Black "Mattersberger, Melanie"]
[Result "0-1"]
[WhiteElo "1789"]
[BlackElo "1678"]
[PlyCount "68"]
[EventDate "2017.11.24"]
[EventType "team"]
[EventRounds "9"]
[EventCountry "AUT"]
[WhiteTeam "SK Baden"]
[BlackTeam "SC Extraherb WS"]

1. e4 Nf6 2. e5 Nd5 3. c4 Nb6 4. d4 d6 5. Nf3 Nc6 6. exd6 exd6 7. h3 Bf5 8. Be2
Be7 9. O-O O-O 10. a3 Bf6 11. b3 Bg6 12. Bb2 Ne7 13. Ra2 Re8 14. Re1 Nf5 15.
Nbd2 Nd7 16. Nf1 c6 17. Ba1 Nf8 18. N3h2 d5 19. Ng4 Ne6 20. Nxf6+ Qxf6 21. Rd2
Nf4 22. Bf3 Nh4 23. Rxe8+ Rxe8 24. Nh2 Be4 25. Bxe4 Rxe4 26. f3 Re8 27. Bc3 h5
28. Qf1 Re3 29. Bb4 Rxb3 30. cxd5 cxd5 31. Qd1 Re3 32. Rf2 Nd3 33. Rf1 Qxd4 34.
Kh1 Nf2+  0-1

[Event "Frauenbundesliga 2017-2018"]
[Site "Feffernitz, Grieskirchen, St. Veit/Glan"]
[Date "2018.01.21"]
[Round "6"]
[Board "1"]
[White "Fuchs, Judith"]
[Black "Unuk, Laura"]
[Result "0-1"]
[WhiteElo "2286"]
[BlackElo "2329"]
[PlyCount "74"]
[EventDate "2017.11.24"]
[EventType "team"]
[EventRounds "9"]
[EventCountry "AUT"]
[WhiteTeam "Mayrhofen/SK Zell/Zillertal"]
[BlackTeam "SK Baden"]

1. d4 {[%emt 0:00:00]} d5 {[%eval 0,0] [%emt 0:00:00]} 2. Bf4 Nf6 3. e3 c5 4.
c3 Nc6 5. Nd2 Bf5 6. Qb3 Qc8 7. dxc5 e5 8. Bg5 Be6 9. Ngf3 Ne4 10. Qc2 f6 11.
Bh4 Nxc5 12. Nb3 Bf5 13. Qd2 Qe6 14. Nxc5 Bxc5 15. Bb5 O-O 16. O-O Rad8 17.
Rfe1 Bg4 18. Nd4 Qe8 19. Bg3 exd4 20. exd4 Be7 21. Qf4 Bc8 22. Qc7 Rf7 23. Bxc6
bxc6 24. Qxa7 Qd7 25. Qa5 f5 26. Be5 f4 27. f3 Bb7 28. a4 Ra8 29. Qb6 Bh4 30.
Red1 Ba6 31. Rd2 Bc4 32. a5 Qc8 33. Qc5 Rb7 34. a6 Be7 35. Bd6 Rb5 36. Qa3 Rb3
37. Qc5 Rxa6  0-1

[Event "Frauenbundesliga 2017-2018"]
[Site "Feffernitz, Grieskirchen, St. Veit/Glan"]
[Date "2018.01.21"]
[Round "6"]
[Board "2"]
[White "Trippold, Denise"]
[Black "Schnegg, Anna-Lena"]
[Result "0-1"]
[WhiteElo "2067"]
[BlackElo "2140"]
[PlyCount "76"]
[EventDate "2017.11.24"]
[EventType "team"]
[EventRounds "9"]
[EventCountry "AUT"]
[WhiteTeam "SK Baden"]
[BlackTeam "Mayrhofen/SK Zell/Zillertal"]

1. d4 Nf6 2. c4 b6 3. Nc3 Bb7 4. Qc2 d5 5. cxd5 Nxd5 6. e4 Nxc3 7. bxc3 e5 8.
d5 Bc5 9. Nf3 Qe7 10. Be2 Nd7 11. O-O O-O 12. Bg5 f6 13. Bd2 Kh8 14. Nh4 g6 15.
g3 c6 16. c4 Rac8 17. Qa4 a6 18. Bg4 b5 19. Qb3 Bd4 20. Bb4 c5 21. Bc3 Rb8 22.
Bxd7 Qxd7 23. Kg2 f5 24. Bxd4 exd4 25. f3 fxe4 26. fxe4 Qg4 27. Rxf8+ Rxf8 28.
Re1 Re8 29. e5 Qd7 30. Qf3 bxc4 31. Qf6+ Kg8 32. e6 Qxd5+ 33. Kh3 Rf8 34. e7
Rxf6 35. e8=Q+ Rf8 36. Qe7 Bc8+ 37. g4 Rf3+ 38. Kg2 Re3+  0-1

[Event "Frauenbundesliga 2017-2018"]
[Site "Feffernitz, Grieskirchen, St. Veit/Glan"]
[Date "2018.01.21"]
[Round "6"]
[Board "3"]
[White "Mayrhuber, Nikola"]
[Black "Kordzadze, Nino"]
[Result "0-1"]
[WhiteElo "2061"]
[BlackElo "1935"]
[PlyCount "62"]
[EventDate "2017.11.24"]
[EventType "team"]
[EventRounds "9"]
[EventCountry "AUT"]
[WhiteTeam "Mayrhofen/SK Zell/Zillertal"]
[BlackTeam "SK Baden"]

1. d4 {[%emt 0:00:00]} f5 2. g3 e6 3. Bg2 Nf6 4. Nf3 Be7 5. O-O O-O 6. c4 d6 7.
Nc3 a5 8. Qc2 Nc6 9. a3 e5 10. dxe5 dxe5 11. Rd1 Qe8 12. Nd5 Bd8 13. Nxf6+ Bxf6
14. e4 Qg6 15. Be3 f4 16. gxf4 Bh3 17. Ne1 exf4 18. Bxf4 Bxb2 19. Qxb2 Rxf4 20.
Rd3 Bxg2 21. Rg3 Rg4 22. Nxg2 Rxg3 23. hxg3 Re8 24. Qxb7 Ne5 25. Nf4 Qg4 26.
Qb5 c6 27. Qb3 g5 28. c5+ Kf8 29. Nd3 Nf3+ 30. Kg2 Qxe4 31. Kf1 Nd2+  0-1

[Event "Frauenbundesliga 2017-2018"]
[Site "Feffernitz, Grieskirchen, St. Veit/Glan"]
[Date "2018.01.21"]
[Round "6"]
[Board "4"]
[White "Stallinger, Vanessa"]
[Black "Schloffer, Jasmin-Denise"]
[Result "0-1"]
[WhiteElo "1789"]
[BlackElo "2109"]
[PlyCount "112"]
[EventDate "2017.11.24"]
[EventType "team"]
[EventRounds "9"]
[EventCountry "AUT"]
[WhiteTeam "SK Baden"]
[BlackTeam "Mayrhofen/SK Zell/Zillertal"]

1. e4 e5 2. Nf3 Nc6 3. Bb5 a6 4. Ba4 Nf6 5. O-O Be7 6. Re1 b5 7. Bb3 d6 8. c3
O-O 9. h3 Na5 10. Bc2 c5 11. d4 Qc7 12. Nbd2 cxd4 13. cxd4 Nc6 14. d5 Nb4 15.
Bb1 a5 16. Nf1 Bd7 17. a3 Na6 18. Ng3 Rfc8 19. Be3 Nc5 20. Bc2 Qb7 21. Rc1 Bd8
22. Bb1 Bb6 23. Nh4 g6 24. Kh2 Na4 25. Bg5 Ne8 26. Qe2 Bd4 27. b3 Nc3 28. Qf1
Nxb1 29. Rxb1 Rc2 30. Ne2 Bb2 31. f4 f6 32. Bh6 exf4 33. Rxb2 Rxb2 34. Qxf4
Rxb3 35. Nd4 Rxa3 36. Nc2 Rc3 37. Ne3 b4 38. Qg3 Bc8 39. Nxg6 hxg6 40. Qxg6+
Ng7 41. Qxf6 Qf7 42. Qd8+ Qf8 43. Qg5 Ra7 44. Nf1 Qe7 45. Qg6 Qe8 46. Qxd6 Qe7
47. Qf4 Nh5 48. Qd2 Qe5+ 49. Kg1 Rac7 50. d6 Rd7 51. Rd1 Bb7 52. Qe2 Qxe4 53.
Qf2 Rc2 54. Nd2 Qg6 55. Be3 Rxd6 56. Bc5 Rxc5  0-1

[Event "Frauenbundesliga 2017-2018"]
[Site "Feffernitz, Grieskirchen, St. Veit/Glan"]
[Date "2018.01.21"]
[Round "6"]
[Board "1"]
[White "Novkovic, Julia"]
[Black "Mar, Karmen"]
[Result "1-0"]
[WhiteElo "2151"]
[BlackElo "2047"]
[PlyCount "79"]
[EventDate "2017.11.24"]
[EventType "team"]
[EventRounds "9"]
[EventCountry "AUT"]
[WhiteTeam "SK Dornbirn"]
[BlackTeam "SC Extraherb WS"]

1. e4 {[%emt 0:00:00]} c5 2. Nf3 d6 3. d4 cxd4 4. Nxd4 Nf6 5. Nc3 e6 6. Be2 a6
7. Be3 Be7 8. g4 h6 9. Qd2 Nc6 10. Rg1 Nxd4 11. Qxd4 e5 12. Qd3 Be6 13. O-O-O
b5 14. Nd5 Bxd5 15. exd5 Nd7 16. Qe4 Rc8 17. Kb1 Qc7 18. Rc1 Qb7 19. c4 bxc4
20. Rxc4 Rb8 21. Rc2 Nf6 22. Qa4+ Qd7 23. Qc6 a5 24. a4 O-O 25. Qxd7 Nxd7 26.
Rc7 Rfd8 27. Bb5 Nf6 28. Rxe7 Nxd5 29. Ra7 Nxe3 30. fxe3 Ra8 31. Rxa8 Rxa8 32.
Rd1 Rd8 33. Bc4 Kf8 34. Rd5 Ke7 35. Rxa5 Rd7 36. Bd5 g6 37. Rb5 f5 38. gxf5
gxf5 39. Rb7 Rxb7 40. Bxb7  1-0